fast facts day 6 (bio) - Statistics

General Stats
  • This quiz has been taken 4 times
  • The average score is 47 of 182
Answer Stats
Hint Answer % Correct
B | D | E | +20 others ----
100%
B Brachiosaurus
67%
S Stegosaurus
33%
U Utahraptor
33%
V Velociraptor
33%
A Agile frog
0%
A Allium
0%
A Allosaurus
0%
A Anthocerotophyta
0%
A Anura
0%
A Apple tree
0%
B Baby's breath
0%
B Birch tree
0%
B Bryophyta
0%
B Bullfrog
0%
C Carnotaurus
0%
C Caudata
0%
C Cedar tree
0%
C Chlorophyta
0%
C Common frog
0%
C Cornflower
0%
C Coronosaurus
0%
D Daisy
0%
D Darwin's frog
0%
D Diplodicus
0%
D Dogwood tree
0%
E Edible frog
0%
E Edmontosaurus
0%
E Elm tree
0%
E Eremurus
0%
E Europasaurus
0%
F Fire salamander
0%
F Fir tree
0%
F Fruitiadens
0%
F Fuchsia
0%
F Fukuiraptor
0%
G Gardenia
0%
G Geminiraptor
0%
G Ginkgophyta
0%
G Ginkgo tree
0%
G Glass frog
0%
G Gobisaurus
0%
G Gymnophiona
0%
H Heather
0%
H Hippodraco
0%
H Holly tree
0%
H Horned frog
0%
H Huayangosaurus
0%
I Iguanacolossus
0%
I Iguanodon
0%
I Imitator salamander
0%
I Indian grass
0%
I Iris
0%
J Japanese iris
0%
J Jasmine
0%
J Javelin frog
0%
J Jobaria
0%
J Judiceratops
0%
K Kangaroo paw
0%
K Karoo Toad
0%
K Khaan
0%
K King Palm tree
0%
K Kosmoceratops
0%
L Lambeosaurus
0%
L Lavender
0%
L Leopard frog
0%
L Lilac
0%
L Lycopodiophyta
0%
M Magnoliophyta
0%
M Maple tree
0%
M Marigold
0%
M Marine toad
0%
M Mercuriceratops
0%
M Microraptor
0%
N Nanosaurus
0%
N Narcissus
0%
N Newt
0%
N Nigersaurus
0%
N Nutmeg tree
0%
O Oak toad
0%
O Oak tree
0%
O Orchid
0%
O Ornatops
0%
O Oviraptor
0%
P Pentaceratops
0%
P Pine tree
0%
P Pink ginger
0%
P Pinophyta
0%
P Poison dart frog
0%
Q Quacking frog
0%
Q Quaesitosaurus
0%
Q Queen Anne's lace
0%
Q Queen palm tree
0%
R Red eyed tree frog
0%
R Redwood tree
0%
R Regaliceratops
0%
R Rose
0%
R Rugops
0%
S Sand frog
0%
S Spinosaurus
0%
S Spruce tree
0%
S Sunflower
0%
T Texas sage
0%
T Tiger salamander
0%
T Triceratops
0%
T Tulip
0%
U Umar treefrog
0%
U Umbrella plant
0%
U Uvularia
0%
V Vagaceratops
0%
V Vietnam flying frog
0%
V Violet
0%
W Walnut tree
0%
W Waxflower
0%
W Wendiceratops
0%
W Wood frog
0%
X Xenoceratops
0%
X xenoceratops
0%
X Xylosma tree
0%
X Xyris
0%
Y Yarrow
0%
Y Yellow-spotted treefrog
0%
Y Yew tree
0%
Y Yinlong
0%
Y Yurgovuchia
0%
Z Zebra plant
0%
Z Zhang's horned toad
0%
Z Zinnia
0%
Z Zuniceratops
0%
No matching quizzes found
Score Distribution
Percent of People with Each Score
Percentile by Number Answered
Your Score History
You have not taken this quiz